History Quiz

Random History or Grab Bag Quiz

U.S. History Grab Bag III Quiz Stats

Quiz Updated Feb 21, 2014

Challenge
Share
Tweet
Embed
Score 0/35 Timer 05:00
14 Plays Today
% Correct
New York, New York
97.9%
Franklin Roosevelt
90.4%
Chicago, Illinois
88.9%
John
88.4%
Los Angeles, California
86.6%
Robert
85.3%
Virginia
81.3%
Al Gore
81%
Edward
79.1%
North Carolina
73.9%
Philadelphia, Pennsylvania
73.9%
John McCain
71.9%
Bill Clinton
70.4%
21st
70.2%
Tennessee
69.9%
18th
69.3%
Franklin Pierce
66.9%
Delaware
66.2%
% Correct
John Kerry
66%
John Adams
60.3%
Harry S. Truman
59%
Pennsylvania
57.8%
George Washington
56.7%
Herbert Hoover
55.2%
Calvin Coolidge
53.3%
Woodrow Wilson
51.4%
Ronald Reagan
50.8%
Massachusetts
50.2%
Detroit, Michigan
49.5%
New Jersey
49.2%
Arkansas
45.8%
William McKinley
45.8%
John J. Pershing
9.4%
Henry Wallace
7.5%
John Nance Garner
7.4%

You're not logged in!

Compare scores with friends on all Sporcle quizzes.
Sign Up with Email
OR
Log In

You Might Also Like...

Show Comments

Extras

Top Quizzes Today


Score Distribution

Your Account Isn't Verified!

In order to create a playlist on Sporcle, you need to verify the email address you used during registration. Go to your Sporcle Settings to finish the process.